00577nam a2200169Ia 4500008004100000020001800041041000800059082002000067100002000087245004500107250000600152260004500158300001900203650003700222999001900259952012900278210716s2013 xx 000 0 und d a978019806621X aeng a658.312404 MITB aMitra, Barun K. aPersonality development and soft skills. a1 aNew DelhibOxford University Pressc2013 axviii,256/2017 aPersonality Development(658.314) c210334d210334 001040708MBAaAIMITbAIMITd2017-11-30g350.00l0o658.312404 MITBpMBA12902r2026-05-23 00:00:00v280.00w2021-07-16yBK